Agris : a social economic survey (Record no. 437094)

000 -LEADER
fixed length control field 00284cam a22001097a 4500
008 - FIXED-LENGTH DATA ELEMENTS--GENERAL INFORMATION
fixed length control field 180718b1952 xxu||||| |||| 00| 0 eng d
082 ## - DEWEY DECIMAL CLASSIFICATION NUMBER
Classification number T19x5442 K124
100 ## - MAIN ENTRY--PERSONAL NAME
Personal name Kale,D.N.
245 ## - TITLE STATEMENT
Title Agris : a social economic survey
Statement of responsibility, etc. by D.N.Kale
260 ## - PUBLICATION, DISTRIBUTION, ETC.
Place of publication, distribution, etc. Bombay
Name of publisher, distributor, etc. Asia
Date of publication, distribution, etc. 1952
300 ## - PHYSICAL DESCRIPTION
Extent 411p.
Holdings
Withdrawn status Lost status Damaged status Not for loan Permanent Location Current Location Date acquired Full call number Barcode Date last seen Price effective from Koha item type
        Indian Institute of Public Administration Indian Institute of Public Administration 2010-03-17 T19x5442 K124 17418 2018-07-21 2018-07-21 Book

Powered by Koha